Ship's business / (Record no. 438043)

MARC details
000 -LEADER
fixed length control field 00695nam a2200253 a 4500
001 - CONTROL NUMBER
control field vtls001194880
003 - CONTROL NUMBER IDENTIFIER
control field NLI
005 - DATE AND TIME OF LATEST TRANSACTION
control field 20210603135516.0
008 - FIXED-LENGTH DATA ELEMENTS--GENERAL INFORMATION
fixed length control field 120328s1944 nyu 000 0 eng d
039 #9 - LEVEL OF BIBLIOGRAPHIC CONTROL AND CODING DETAIL [OBSOLETE]
-- 201203281723
-- VLOAD
040 ## - CATALOGING SOURCE
Original cataloging agency NLI
Language of cataloging eng
Transcribing agency Entertech IMP - 2012
Description conventions AACR2
041 0# - LANGUAGE CODE
Language code of text/sound track or separate title eng
044 ## - COUNTRY OF PUBLISHING/PRODUCING ENTITY CODE
MARC country code nyu
084 ## - OTHER CLASSIFICATION NUMBER
Classification number 132.G.51
100 1# - MAIN ENTRY--PERSONAL NAME
Personal name McFarland, Myron E.
9 (RLIN) 342242
245 10 - TITLE STATEMENT
Title Ship's business /
Statement of responsibility, etc. Myron E. Mcfarland
260 ## - PUBLICATION, DISTRIBUTION, ETC.
Place of publication, distribution, etc. New York:
Name of publisher, distributor, etc. Cornell Maritime Press ,
Date of publication, distribution, etc. 1944
300 ## - PHYSICAL DESCRIPTION
Extent xi,147 p. ;
Dimensions 19 cm.
887 ## - NON-MARC INFORMATION FIELD
Content of non-MARC field
901 ## - LOCAL DATA ELEMENT A, LDA (RLIN)
a WL3014 :
b 09.02.1956
902 ## - LOCAL DATA ELEMENT B, LDB (RLIN)
a 132.G.51
942 ## - ADDED ENTRY ELEMENTS (KOHA)
Source of classification or shelving scheme Dewey Decimal Classification
Koha item type Books
949 ## - LOCAL PROCESSING INFORMATION (OCLC)
-- VIRTUAITEM
-- 10000
-- 100
6 XXWL00003014ENG
Holdings
Withdrawn status Lost status Damaged status Not for loan Home library Current library Date acquired Total Checkouts Full call number Barcode Date last seen Price effective from Koha item type
        National Library of India National Library of India     132.G.51 XXWL00003014ENG 03/06/2021 03/06/2021 Books
                                                                           
web counter

Copyright ©2020 The National Library of India, Govt. of India ↔ Hosted by NVLI, MOC ↔ Technology and Design by National Library of India, Ministry of Culture, Govt. of India